00421nam a22001457a 4500003000200000005001700002008004100019020002200060050002100082245004300103260004100146300003800187500002500225650002500250020230922121616.0230922b xxu||||| |||| 00| 0 eng d a978-0-72328-186-3 aPZ 5b .L58 2012 aLadybird tales :little red riding hood aLondonbLadybird Books Ltd. cc2012. a42 pages :bcol. ill. ; c20 cm.  aChildren's stories.  aChildren's stories.